Salaries for surveyors rise by nearly 5% (Record no. 69768)

MARC details
000 -LEADER
fixed length control field 00938cam a2200193 4500
001 - CONTROL NUMBER
control field ABS65188
008 - FIXED-LENGTH DATA ELEMENTS--GENERAL INFORMATION
fixed length control field 020312n2002 000 0 eng u
035 ## - SYSTEM CONTROL NUMBER
System control number (Sirsi) u117113
245 ## - TITLE STATEMENT
Title Salaries for surveyors rise by nearly 5%
260 ## - PUBLICATION, DISTRIBUTION, ETC.
Date of publication, distribution, etc. 2002
490 ## - SERIES STATEMENT
Series statement CSM
-- Chartered Surveyor Monthly
Volume/sequential designation 3 March 2002, 16-19(4)
520 ## - SUMMARY, ETC.
Summary, etc. Preliminary results from the latest survey of chartered surveyors' salaries shows average earnings reach £35 517 in 2001. The survey was carried out on behalf of RICS and recruitment specialist Macdonald & Company. The highest paid areas are Greater London and the south-east. Discusses various parts of the survey such as the gender gap and age and experience of the respondents. With tables of average salary and bonuses.
590 ## - LOCAL NOTE (RLIN)
Local note ABS
650 ## - SUBJECT ADDED ENTRY--TOPICAL TERM
Topical term or geographic name entry element SURVEYOR
650 ## - SUBJECT ADDED ENTRY--TOPICAL TERM
Topical term or geographic name entry element SALARY SURVEYS
650 ## - SUBJECT ADDED ENTRY--TOPICAL TERM
Topical term or geographic name entry element GENDER
690 ## - LOCAL SUBJECT ADDED ENTRY--TOPICAL TERM (OCLC, RLIN)
Topical term or geographic name as entry element MANAGEMENT-BUSINESS MANAGEMENT-PROFESSIONAL PRACTICE
942 ## - ADDED ENTRY ELEMENTS (KOHA)
Suppress in OPAC 0
Holdings
Withdrawn status Lost status Source of classification or shelving scheme Damaged status Not for loan Home library Current library Shelving location Date acquired Total Checkouts Full call number Barcode Date last seen Copy number Price effective from Koha item type
    Dewey Decimal Classification     London London Journal article 12/03/2002   ABS65188 117113-1001 06/08/2019 1 06/08/2019 Journal article